Financial statement analysis (Record no. 5406)

MARC details
000 -CABECERA
campo de control de longitud fija 05698nam a2200529 i 4500
001 - NÚMERO DE CONTROL
campo de control 9952612515005158
005 - FECHA Y HORA DE LA ÚLTIMA TRANSACCIÓN
campo de control 20260310113526.0
006 - CÓDIGOS DE INFORMACIÓN DE LONGITUD FIJA--CARACTERÍSTICAS DEL MATERIAL ADICIONAL
campo de control de longitud fija m o d |
007 - CAMPO FIJO DE DESCRIPCIÓN FÍSICA--INFORMACIÓN GENERAL
campo de control de longitud fija cr#cnu||||||||
008 - DATOS DE LONGITUD FIJA--INFORMACIÓN GENERAL
campo de control de longitud fija 221118s2022 njua ob 001 0 eng d
020 ## - NÚMERO INTERNACIONAL ESTÁNDAR DEL LIBRO
Número Internacional Estándar del Libro 9781119457145
Información calificativa (hardcover)
020 ## - NÚMERO INTERNACIONAL ESTÁNDAR DEL LIBRO
Número Internacional Estándar del Libro 9781119457176
020 ## - NÚMERO INTERNACIONAL ESTÁNDAR DEL LIBRO
Número Internacional Estándar del Libro 1119457173
020 ## - NÚMERO INTERNACIONAL ESTÁNDAR DEL LIBRO
Número Internacional Estándar del Libro 9781119457169
020 ## - NÚMERO INTERNACIONAL ESTÁNDAR DEL LIBRO
Número Internacional Estándar del Libro 1119457165
020 ## - NÚMERO INTERNACIONAL ESTÁNDAR DEL LIBRO
Número Internacional Estándar del Libro 9781119457190
020 ## - NÚMERO INTERNACIONAL ESTÁNDAR DEL LIBRO
Número Internacional Estándar del Libro 111945719X
024 7# - IDENTIFICADOR DE OTROS ESTÁNDARES
Número estándar o código 10.1002/9781119457176
Fuente del número o código doi
035 ## - NÚMERO DE CONTROL DEL SISTEMA
Número de control de sistema (MiAaPQ)EBC6953218
035 ## - NÚMERO DE CONTROL DEL SISTEMA
Número de control de sistema (Au-PeEL)EBL6953218
035 ## - NÚMERO DE CONTROL DEL SISTEMA
Número de control de sistema (CKB)21511122000041
035 ## - NÚMERO DE CONTROL DEL SISTEMA
Número de control de sistema (CaSebORM)9781119457145
035 ## - NÚMERO DE CONTROL DEL SISTEMA
Número de control de sistema (OCoLC)1312173636
035 ## - NÚMERO DE CONTROL DEL SISTEMA
Número de control de sistema (OCoLC-P)1312173636
035 ## - NÚMERO DE CONTROL DEL SISTEMA
Número de control de sistema (Perlego)3462064
035 ## - NÚMERO DE CONTROL DEL SISTEMA
Número de control de sistema (EXLCZ)9921511122000041
040 ## - FUENTE DE LA CATALOGACIÓN
Centro catalogador/agencia de origen MiAaPQ
Lengua de catalogación eng
Normas de descripción rda
-- pn
Centro/agencia transcriptor MiAaPQ
Centro/agencia modificador MiAaPQ
041 ## - CÓDIGO DE LENGUA
Código de lengua del texto/banda sonora o título independiente English
043 ## - CÓDIGO DE ÁREA GEOGRÁFICA
Código de área geográfica ff-----
050 #4 - SIGNATURA TOPOGRÁFICA DE LA BIBLIOTECA DEL CONGRESO
Número de clasificación HF5681.B2
Número de documento/Ítem .F753 2022
100 ## - ENTRADA PRINCIPAL--NOMBRE DE PERSONA
Nombre de persona Fridson, Martin S
Término indicativo de función/relación author.
9 (RLIN) 21097
245 10 - MENCIÓN DE TÍTULO
Título Financial statement analysis
Resto del título : a practitioner's guide
Mención de responsabilidad, etc. / Martin S. Fridson and Fernando Alvarez.
250 ## - MENCIÓN DE EDICIÓN
Mención de edición Fifth edition.
264 #1 - PRODUCCIÓN, PUBLICACIÓN, DISTRIBUCIÓN, FABRICACIÓN Y COPYRIGHT
Producción, publicación, distribución, fabricación y copyright Hoboken, New Jersey :
Nombre del de productor, editor, distribuidor, fabricante John Wiley & Sons,
Fecha de producción, publicación, distribución, fabricación o copyright [2022]
264 #4 - PRODUCCIÓN, PUBLICACIÓN, DISTRIBUCIÓN, FABRICACIÓN Y COPYRIGHT
Fecha de producción, publicación, distribución, fabricación o copyright ©2022
300 ## - DESCRIPCIÓN FÍSICA
Extensión xvi, 428 pages : ǂb illustrations (some color)
490 1# - MENCIÓN DE SERIE
Mención de serie Wiley Finance Series.
504 ## - NOTA DE BIBLIOGRAFÍA, ETC.
Nota de bibliografía, etc. Includes bibliographical references and index.
505 0# - NOTA DE CONTENIDO CON FORMATO
Nota de contenido con formato Part 1 Reading Between the Lines. Chapter 1. The Adversarial Nature of Financial Reporting ; The Purpose of Financial Reporting ; The Flaws in the Reasoning ; Small Profits and Big Baths ; Maximizing Growth Expectations ; Downplaying Contingencies ; The Importance of Being Skeptical ; Conclusion — Part 2. The Basic Financial Statements. Chapter 2. The Balance Sheet ; The Value Problem ; Comparability Problems in the Valuation of Financial Assets ; Instantaneous Wipeout of Value ; How Good Is Goodwill? ; Losing Value the Old‐Fashioned Way ; True Equity Is Elusive ; Book Value May Overstate Reality ; Pros and Cons of a Market‐Based Equity Figure ; The Common Form Balance Sheet ; Conclusion. Chapter 3. The Income Statement ; Making the Numbers Talk ; How Real Are the Numbers? ; Conclusion. Chapter 4. The Statement of Cash Flows ; The Cash Flow Statement and the Leveraged Buyout ; Analytical Applications ; In Defense of Slack ; Conclusion — Part 3. A Closer Look at Profits. Chapter 5. What Is Profit? ; Bona Fide Profits versus Accounting Profits ; Which Costs Count? ; Conclusion. Chapter 6. Revenue Recognition ; Making It Up at Gowex ; Globo's Foreseen Fall from Grace ; Channel‐Stuffing in the Drug Business ; A Second Take on Earnings ; Making the Numbers at M/A‐Com ; Astray on Layaway ; Recognizing Membership Fees ; A Potpourri of Liberal Revenue Recognition Techniques ; Fattening Earnings with Empty Calories ; Tardy Disclosure at Halliburton ; Managing Earnings with Rainy Day Reserves ; Fudging the Numbers: A Systematic Problem ; Conclusion. Chapter 7. Expense Recognition ; Diamond Foods's Movable Expenses ; Nortel's Deferred Profit Plan ; Grasping for Earnings at General Motors.
520 ## - SUMARIO, ETC.
Sumario, etc. The updated, real-world guide to interpreting and unpacking GAAP and non-GAAP financial statements<br/>In Financial Statement Analysis, 5th Edition, leading investment authority Martin Fridson returns with Fernando Alvarez to provide the analytical framework you need to scrutinize financial statements, whether you're evaluating a company's stock price or determining valuations for a merger or acquisition. Rather than taking financial statements at face value, you'll learn practical and straightforward analytical techniques for uncovering the reality behind the numbers. This fully revised and up-to-date 5th Edition offers fresh information that will help you to evaluate financial statements in today's volatile markets and uncertain economy. The declining connection between GAAP earnings and stock prices has introduced a need to discriminate between instructive and misleading non-GAAP alternatives. This book integrates the alternatives and provides guidance on understanding the extent to which non-GAAP reports, particularly from US companies, may be biased.<br/><br/>Understanding financial statements is an essential skill for business professionals and investors. Most books on the subject proceed from the questionable premise that companies' objective is to present a true picture of their financial condition. A safer assumption is that they seek to minimize the cost of raising capital by portraying themselves in the most favorable light possible. Financial Statement Analysis teaches readers the tricks that companies use to mislead, so readers can more clearly interpret statements.<br/><br/>Learn how to read and understand financial statements prepared according to GAAP and non-GAAP standards<br/>Compare CFROI, EVA, Valens, and other non-GAAP methodologies to determine how accurate companies' reports are<br/>Improve your business decision making, stock valuations, or merger and acquisition strategy<br/>Develop the essential skill of quickly and accurately gathering and assessing information from financial statements of all types<br/>Professional analysts, investors, and students will gain valuable knowledge from this updated edition of the popular guide. Filled with real-life examples and expert advice, Financial Statement Analysis, 5th Edition, will help you interpret and unpack financial statements.
650 #0 - PUNTO DE ACCESO ADICIONAL DE MATERIA--TÉRMINO DE MATERIA
Término de materia o nombre geográfico como elemento de entrada Financial statements
9 (RLIN) 2479
650 #0 - PUNTO DE ACCESO ADICIONAL DE MATERIA--TÉRMINO DE MATERIA
Término de materia o nombre geográfico como elemento de entrada Ratio analysis
9 (RLIN) 11414
700 ## - ENTRADA AGREGADA--NOMBRE PERSONAL
Nombre de persona Alvarez, Fernando
Fechas asociadas al nombre 1964-
Término indicativo de función/relación author.
830 #0 - PUNTO DE ACCESO ADICIONAL DE SERIE-TÍTULO UNIFORME
Título uniforme Wiley Finance Series.
856 ## - LOCALIZACIÓN Y ACCESO ELECTRÓNICOS
Identificador Uniforme del Recurso <a href="https://research.ebsco.com/plink/b8ddb86e-80f4-3a55-8979-6ad93450ce6d">https://research.ebsco.com/plink/b8ddb86e-80f4-3a55-8979-6ad93450ce6d</a>
942 ## - ELEMENTOS DE ENTRADA AGREGADA (KOHA)
Fuente del sistema de clasificación o colocación Clasificación de Library of Congress
Holdings
Estado de retiro Estado de pérdida Fuente del sistema de clasificación o colocación Estado dañado No para préstamo Biblioteca de origen Biblioteca actual Fecha de adquisición Total de préstamos Fecha visto por última vez Número de copia Identificador Uniforme del Recurso Precio válido a partir de Tipo de ítem Koha Signatura topográfica completa Nota pública
    Clasificación de Library of Congress     TBS Barcelona TBS Barcelona 10/03/2026   10/03/2026 1 https://research.ebsco.com/plink/b8ddb86e-80f4-3a55-8979-6ad93450ce6d 10/03/2026 eBook    
    Clasificación de Library of Congress     TBS Barcelona TBS Barcelona 10/03/2026   10/03/2026 1   10/03/2026 Book HF5681.B2 FRID PAPERBACK SOON AVAILABLE

Powered by Koha